[Event "Niederoesterreich Landesliga 0506"]
[Site "Austria"]
[Date "2005.10.02"]
[Round "2"]
[White "Hirsch, Andreas"]
[Black "Kropik, Martin"]
[Result "1/2-1/2"]
[WhiteElo "2003"]
[BlackElo "2112"]
[PlyCount "58"]
[EventDate "2005.09.18"]
[EventType "team-tourn"]
[EventRounds "13"]
[EventCountry "AUT"]
[SourceTitle "EXT 2022"]
[Source "ChessBase"]
[SourceDate "2021.10.06"]
[SourceVersion "1"]
[SourceVersionDate "2021.10.06"]
[SourceQuality "1"]

1. g3 g6 2. Bg2 Bg7 3. f4 d6 4. Nf3 c5 5. 0-0 Nc6 6. c3 Nf6 7. d3 0-0 8. Na3 d5 9. h3 a6 10. Nc2 Qd6 11. Qe1 d4 12. cxd4 cxd4 13. Qf2 Nd5 14. Ncxd4 Nxd4 15. Nxd4 Nxf4 16. Bxf4 Qxd4 17. Rab1 Qa4 18. a3 a5 19. Kh2 Ra6 20. Bg5 Bf6 21. Bxf6 Rxf6 22. Qc5 b6 23. Qc3 Re6 24. Rf4 Qd7 25. Rd4 Rd6 26. Rxd6 Qxd6 27. Rc1 Bd7 28. Qd2 Rc8 29. Rxc8+ Bxc8 1/2-1/2

[Event "Niederoesterreich Landesliga 0405"]
[Site "Austria"]
[Date "2005.04.17"]
[Round "11"]
[White "Szvetits, Rene"]
[Black "Kropik, Martin"]
[Result "1/2-1/2"]
[WhiteElo "1994"]
[BlackElo "2076"]
[PlyCount "39"]
[EventDate "2004.09.19"]
[EventType "team-tourn"]
[EventRounds "11"]
[EventCountry "AUT"]
[SourceTitle "EXT 2022"]
[Source "ChessBase"]
[SourceDate "2021.10.06"]
[SourceVersion "1"]
[SourceVersionDate "2021.10.06"]
[SourceQuality "1"]

1. e4 c5 2. Nf3 Nc6 3. d4 cxd4 4. Nxd4 g6 5. Nc3 Bg7 6. Be3 Nf6 7. Be2 0-0 8. 0-0 d5 9. exd5 Nxd5 10. Nxd5 Qxd5 11. Nxc6 bxc6 12. Qxd5 cxd5 13. Bf3 Rb8 14. Bxd5 Rxb2 15. Bb3 a5 16. Rab1 Rxb1 17. Rxb1 Bc3 18. Rd1 Bf5 19. f3 Rc8 20. g4 1/2-1/2